000
00311nam a22001337a 4500
008
170825b xxu||||| |||| 00| 0 eng d
020
_a
9780312452070
041
_a
eng
080
_a
070
100
_a
39
101
_a
MED
245
_a
A POCKET GUIDE TO PUBLIC SPEAKING
_c
STEWART.R
942
_2
udc
_c
BK
999
_c
25017
_d
25017